Bibliotheca topographica Britannica (Record no. 114696)

MARC details
000 -LEADER
fixed length control field 00794cam a22002055a 4500
001 - CONTROL NUMBER
control field L157277
008 - FIXED-LENGTH DATA ELEMENTS--GENERAL INFORMATION
fixed length control field 121009m17901800xxk f 000 0 eng d
035 ## - SYSTEM CONTROL NUMBER
System control number (Sirsi) u157277
041 0# - LANGUAGE CODE
Language code of text/sound track or separate title eng
110 2# - MAIN ENTRY--CORPORATE NAME
Corporate name or jurisdiction name as entry element Nichols, John
Date of meeting or treaty signing 1745-1826
245 00 - TITLE STATEMENT
Title Bibliotheca topographica Britannica
260 ## - PUBLICATION, DISTRIBUTION, ETC.
Place of publication, distribution, etc. London
Name of publisher, distributor, etc. Printed by and for John Nichols
Date of publication, distribution, etc. [1790-1800]
300 ## - PHYSICAL DESCRIPTION
Extent 11 v.
Other physical details plates, tables, maps, ports
Dimensions 28 cm.
520 ## - SUMMARY, ETC.
Summary, etc. A letter has been inserted at the front of vol. 1 from James Bain, dated 28 November 1906. The letter confirms that the 11 volumes have been collated by Lowndes and are complete.
520 ## - SUMMARY, ETC.
Summary, etc. Includes supplement.
583 ## - ACTION NOTE
Action Condition reviewed
Time/date of action 20120620
Status condition level 4 (x3) 1 (x8)
651 #4 - SUBJECT ADDED ENTRY--GEOGRAPHIC NAME
Geographic name Great Britain
Chronological subdivision 1707-
690 ## - LOCAL SUBJECT ADDED ENTRY--TOPICAL TERM (OCLC, RLIN)
Topical term or geographic name as entry element Rural
9 (RLIN) 6268
942 ## - ADDED ENTRY ELEMENTS (KOHA)
Suppress in OPAC 0
Holdings
Withdrawn status Lost status Source of classification or shelving scheme Damaged status Not for loan Home library Current library Shelving location Date acquired Total Checkouts Full call number Barcode Date last seen Copy number Price effective from Koha item type
    Dewey Decimal Classification     Historic collection Historic collection Historic collection 09/10/2012   QUARTO 1790 NICHOLS VOL. 1 30077760 06/08/2019 1 06/08/2019 Book
    Dewey Decimal Classification     Historic collection Historic collection Historic collection 09/10/2012   QUARTO 1790 NICHOLS VOL. 2 30077758 06/08/2019 1 06/08/2019 Book
    Dewey Decimal Classification     Historic collection Historic collection Historic collection 09/10/2012   QUARTO 1790 NICHOLS VOL. 3 30077762 06/08/2019 1 06/08/2019 Book
    Dewey Decimal Classification     Historic collection Historic collection Historic collection 09/10/2012   QUARTO 1790 NICHOLS VOL. 4 30077766 06/08/2019 1 06/08/2019 Book
    Dewey Decimal Classification     Historic collection Historic collection Historic collection 09/10/2012   QUARTO 1790 NICHOLS VOL. 5 30077770 06/08/2019 1 06/08/2019 Book
    Dewey Decimal Classification     Historic collection Historic collection Historic collection 09/10/2012   QUARTO 1790 NICHOLS VOL. 6 30077774 06/08/2019 1 06/08/2019 Book
    Dewey Decimal Classification     Historic collection Historic collection Historic collection 09/10/2012   QUARTO 1790 NICHOLS VOL. 7 30077778 06/08/2019 1 06/08/2019 Book
    Dewey Decimal Classification     Historic collection Historic collection Historic collection 09/10/2012   QUARTO 1790 NICHOLS VOL. 8 30077782 06/08/2019 1 06/08/2019 Book
    Dewey Decimal Classification     Historic collection Historic collection Historic collection 09/10/2012   QUARTO 1790 NICHOLS VOL. 9 30077753 06/08/2019 1 06/08/2019 Book
    Dewey Decimal Classification     Historic collection Historic collection Historic collection 09/10/2012   QUARTO 1790 NICHOLS VOL. 10 30077757 06/08/2019 1 06/08/2019 Book
    Dewey Decimal Classification     Historic collection Historic collection Historic collection 09/10/2012   QUARTO 1790 NICHOLS VOL. 11 30077761 06/08/2019 1 06/08/2019 Book